LEADER 01643nam 2200325z- 450 001 9910689558103321 005 20161209101849.0 035 $a(CKB)4920000000790820 035 $a(BIP)008320572 035 $a(EXLCZ)994920000000790820 100 $a20220104c2002uuuu -u- - 101 0 $aeng 200 10$aImplementation and reauthorization of the Personal Responsibility and Work Opportunity Reconciliation Act of 1996 $ehearing before the Committee on Indian Affairs, United States Senate, One Hundred Seventh Congress, second session on the implementation and reauthorization of the Personal Responsibility and Work Opportunity Reconciliation Act of 1996 in Indian Country, May 10, 2002, Washington, DC 215 $a1 online resource (iii, 87 p.) 311 $a0-16-068893-0 517 $aImplementation and reauthorization of the Personal Responsibility and Work Opportunity Reconciliation Act of 1996 606 $aIndians of North America$xPublic welfare 606 $aIndians of North America$xEconomic conditions 606 $aWelfare recipients$xEmployment$xLaw and legislation$zUnited States 610 $aIndians of north america 610 $aWelfare recipients 610 $aBusiness & economics 610 $aPolitical science 615 0$aIndians of North America$xPublic welfare. 615 0$aIndians of North America$xEconomic conditions. 615 0$aWelfare recipients$xEmployment$xLaw and legislation 906 $aBOOK 912 $a9910689558103321 996 $aImplementation and reauthorization of the Personal Responsibility and Work Opportunity Reconciliation Act of 1996$93208679 997 $aUNINA